Impactes mediambientals de la mobilitat : instruments d'avaluació : jornada 4 instruments d'avaluació :
Descripción Física:
[50] f. : il. b/n, taules, map. ; 30 cm
MARC
| LEADER | 00000nam a2200000Ia 4500 | ||
|---|---|---|---|
| 001 | 24258 | ||
| 003 | BGR | ||
| 005 | 20260324180614.0 | ||
| 008 | 160829s1996 xx 000 0 cat d | ||
| 080 | |a Bib-210 | ||
| 111 | |a Jornades Sobre Mobilitat i Qualitat Ambiental Municipal |c (Barcelona : |d 1996) |9 71294 | ||
| 245 | |a Impactes mediambientals de la mobilitat : |b instruments d'avaluació : |b jornada 4 | ||
| 260 | |a Barcelona : |b Diputació de Barcelona. Servei del Medi Ambient, |c 1996 | ||
| 300 | |a [50] f. : |b il. b/n, taules, map. ; |c 30 cm | ||
| 590 | |a Dossier de les jornades, celebrades el 19 de juny de 1997 a l'Escola Industrial (Barcelona) | ||
| 650 | |a Transport |x Aspectes ambientals |x Planificació |9 49883 | ||
| 650 | 0 | |a Circulació urbana |v Congressos |9 49884 | |
| 710 | 1 | |a Barcelona (Catalunya : Província). |b Servei de Medi Ambient |9 53475 | |
| 901 | |a Arxiu | ||
| 942 | |n 1 |2 udc |c JC | ||
| 952 | |0 0 |1 0 |4 0 |6 BIB210 |7 1 |9 55655 |a Arxiu |b Arxiu |d 2016-12-01 |l 0 |o Bib-210 |p 24258 |r 2016-12-01 00:00:00 |w 2016-12-01 |y ARXIU | ||
| 999 | |c 59528 |d 59528 | ||